000 01480nam a22002537a 4500
005 20081117102548.0
008 081117t xxu||||| |||| 00| 0 hin d
010 _aHIN-84921
020 _a9788188742172
_c45.00
035 _aHN-57267
037 _bDBAD / PUB
040 _aDPL
_bHN
082 _a303.625
100 _aसिन्हा, सच्चिदानंद
245 _aनक्सली आंदोलन का वैचारिक संकट /
_cसच्चिदानंद सिन्हा
246 _aNaxali aandolan kaa vaicharik sankat
_bby Sachchidanand Sinha
260 _aकाँचरापाड़ा ( पश्चिम बंगाल )
_bरोशनाई प्रकाशन
_c2008
270 _a212 सी एल/ए, अशोक मित्र रोड(सरकस मैदान के पास), काँचरापाड़ा, उत्तर 24 परगना
_bपश्चिम बंगाल
_e743145
_k033 25850249, 32598980
_mroshnaiprakashan@sify.com
300 _a95पृ
_c22सेमी (अजिल्द)
650 _a नक्सली आंदोलन
_zभारत
650 _aNaxalite movement
_zIndia
942 _2ddc
_cHN
_mसिन्हास
_h303.625
999 _c18445
_d18445